| 000 | 00561nam a2200217Ia 4500 | ||
|---|---|---|---|
| 003 | OSt | ||
| 005 | 20260327114802.0 | ||
| 008 | 210210b1961 xxu||||| |||| 00| 0 eng d | ||
| 040 | _cAL | ||
| 041 | _aHindi | ||
| 082 | _a869/135 | ||
| 100 |
_aMUNSHI (K M) _dमुंशी (के एम) _9259571 |
||
| 245 |
_aTapasvini Part I _bतपस्विनी -१ |
||
| 260 |
_aDelhi _b- _c1961 |
||
| 650 |
_aTapasvini _9259572 |
||
| 650 |
_aPart _9259573 |
||
| 650 |
_aI _9259574 |
||
| 690 |
_aHindi Fiction _9259575 |
||
| 906 | _a023934 | ||
| 942 |
_2ddc _cBK |
||
| 999 |
_c148899 _d148899 |
||